UM Logo

Novel single-stage bidirectional isolated DC-AC converter based on inversely coupled inductor / (Record no. 19275)

MARC details
000 -LEADER
fixed length control field 01306nam a22003017a 4500
003 - CONTROL NUMBER IDENTIFIER
control field OSt
005 - DATE AND TIME OF LATEST TRANSACTION
control field 20250911164141.0
008 - FIXED-LENGTH DATA ELEMENTS--GENERAL INFORMATION
fixed length control field 240222b ||||| |||| 00| 0 eng d
040 ## - CATALOGING SOURCE
Transcribing agency 0
082 ## - DEWEY DECIMAL CLASSIFICATION NUMBER
Classification number DPer 621.317 Ie21 May 2022 v. 37 n. 5
100 ## - MAIN ENTRY--PERSONAL NAME
Personal name Liu, Chuang.
Relator term author.
9 (RLIN) 52964
245 ## - TITLE STATEMENT
Title Novel single-stage bidirectional isolated DC-AC converter based on inversely coupled inductor /
Statement of responsibility, etc. Chuang Liu, Yu Jiang, Zhongchen Pei, Mengxue Shen, Guowei Cai, Xiaomin Song, Di Zhu, Jingyue Wang, Hui Li, Dongbo Guo, and Qinhai Yu.
260 ## - PUBLICATION, DISTRIBUTION, ETC. (IMPRINT)
Place of publication, distribution, etc. New York ;
Name of publisher, distributor, etc. The Institute of Electrical and Electronics Engineers, Inc. ,
Date of publication, distribution, etc. May 2022.
300 ## - PHYSICAL DESCRIPTION
Extent Volume 37, pages 5594-5605 :
Other physical details illustration ;
Dimensions 28 cm.
500 ## - GENERAL NOTE
General note IEEE Transactions on Power Electronics, vol. 37, no. 5, pages 5594-5605, May 2022.
700 ## - ADDED ENTRY--PERSONAL NAME
Personal name Liu, Chuang.
Relator term author.
9 (RLIN) 52964
700 ## - ADDED ENTRY--PERSONAL NAME
Personal name Jiang, Yu.
Relator term author.
9 (RLIN) 52965
700 ## - ADDED ENTRY--PERSONAL NAME
Personal name Pei, Zhongchen.
Relator term author.
9 (RLIN) 52966
700 ## - ADDED ENTRY--PERSONAL NAME
Personal name Shen, Mengxue.
Relator term author.
9 (RLIN) 52967
700 ## - ADDED ENTRY--PERSONAL NAME
Personal name Cai, Guowei.
Relator term author.
9 (RLIN) 52968
700 ## - ADDED ENTRY--PERSONAL NAME
Personal name Song, Xiaomin.
Relator term author.
9 (RLIN) 52969
700 ## - ADDED ENTRY--PERSONAL NAME
Personal name Zhu, Di.
Relator term author.
9 (RLIN) 52970
700 ## - ADDED ENTRY--PERSONAL NAME
Personal name Wang, Jingyue.
Relator term author.
9 (RLIN) 52971
700 ## - ADDED ENTRY--PERSONAL NAME
Personal name Li, Hui.
Relator term author.
9 (RLIN) 52972
700 ## - ADDED ENTRY--PERSONAL NAME
Personal name Guo, Dongbo.
Relator term author.
9 (RLIN) 52973
700 ## - ADDED ENTRY--PERSONAL NAME
Personal name Yu, Qinhai.
Relator term author.
9 (RLIN) 52974
942 ## - ADDED ENTRY ELEMENTS (KOHA)
Source of classification or shelving scheme Dewey Decimal Classification
Koha item type Periodicals
Holdings
Withdrawn status Lost status Source of classification or shelving scheme Damaged status Not for loan Collection code Home library Current library Date acquired Total Checkouts Full call number Date last seen Price effective from Koha item type Public note
    Dewey Decimal Classification     Periodicals UM Digos College - LIC UM Digos College - LIC 02/22/2024   DPer 621.317 Ie21 May 2022 v. 37 n. 5 02/22/2024 02/22/2024 Periodicals Periodical Article